Влияние функционализации поверхности арендиазониевой солью на смачиваемость и пьезоэлектрический отклик биоразлагаемых матриксов на основе поли-3-оксибутирата; Перспективные материалы конструкционного и функционального назначения

Détails bibliographiques
Parent link:Перспективные материалы конструкционного и функционального назначения.— 2020.— [С. 172-174]
Collectivités auteurs: Национальный исследовательский Томский политехнический университет Инженерная школа новых производственных технологий Отделение материаловедения, Национальный исследовательский Томский политехнический университет Исследовательская школа химических и биомедицинских технологий Научно-исследовательский центр "Физическое материаловедение и композитные материалы"
Autres auteurs: Чернозем Р. В. Роман Викторович, Гусельникова О. А. Ольга Андреевна, Сурменева М. А. Мария Александровна, Скиртач А. Г., Постников П. С. Павел Сергеевич, Сурменев Р. А. Роман Анатольевич
Résumé:Заглавие с экрана
Langue:russe
Publié: 2020
Collection:Функциональные материалы
Sujets:
Accès en ligne:http://earchive.tpu.ru/handle/11683/63852
Format: MixedMaterials Électronique Chapitre de livre
KOHA link:https://koha.lib.tpu.ru/cgi-bin/koha/opac-detail.pl?biblionumber=632316

MARC

LEADER 00000naa2a2200000 4500
001 632316
005 20250826092554.0
035 |a (RuTPU)RU\TPU\conf\34024 
035 |a RU\TPU\conf\34017 
090 |a 632316 
100 |a 20201111d2020 k y0rusy50 ca 
101 0 |a rus 
102 |a RU 
105 |a y z 101zy 
135 |a drcn ---uucaa 
181 0 |a i  
182 0 |a b 
200 1 |a Влияние функционализации поверхности арендиазониевой солью на смачиваемость и пьезоэлектрический отклик биоразлагаемых матриксов на основе поли-3-оксибутирата  |f Р. В. Чернозем, О. А. Гусельникова, М. А. Сурменева [и др.] 
203 |a Текст  |c электронный 
225 1 |a Функциональные материалы 
300 |a Заглавие с экрана 
320 |a [Библиогр.: с. 174 (3 назв.)] 
338 |b Российский научный фонд  |d 18-73-10050 
463 0 |0 (RuTPU)RU\TPU\conf\33987  |t Перспективные материалы конструкционного и функционального назначения  |o сборник научных трудов Международной научно-технической молодежной конференции, Томск, 21–25 сентября 2020 г.  |f Национальный исследовательский Томский политехнический университет. Инженерная школа новых производственных технологий; под ред. С. П. Буяковой  |v [С. 172-174]  |d 2020 
610 1 |a электронный ресурс 
610 1 |a труды учёных ТПУ 
610 1 |a функционализация 
610 1 |a поверхности 
610 1 |a арендиазониевые соли 
610 1 |a смачиваемость 
610 1 |a отклики 
610 1 |a матриксы 
610 1 |a биоразлагаемые материалы 
610 1 |a тканевая инженерия 
610 1 |a биосовместимые материалы 
701 1 |a Чернозем  |b Р. В.  |c физик  |c доцент Томского политехнического университета  |f 1992-  |g Роман Викторович  |3 (RuTPU)RU\TPU\pers\35157  |9 18423 
701 1 |a Гусельникова  |b О. А.  |c химик  |c научный сотрудник Томского политехнического университета, кандидат химических наук  |f 1992-  |g Ольга Андреевна  |3 (RuTPU)RU\TPU\pers\30828  |9 15075 
701 1 |a Сурменева  |b М. А.  |c специалист в области материаловедения  |c инженер-исследователь Томского политехнического университета, старший научный сотрудник  |f 1984-  |g Мария Александровна  |3 (RuTPU)RU\TPU\pers\25832  |9 11705 
701 1 |a Скиртач  |b А. Г. 
701 1 |a Постников  |b П. С.  |c химик-органик  |c доцент Томского политехнического университета, кандидат химических наук  |f 1984-  |g Павел Сергеевич  |3 (RuTPU)RU\TPU\pers\27922  |9 12925 
701 1 |a Сурменев  |b Р. А.  |c физик  |c старший научный сотрудник Томского политехнического университета, доцент, кандидат физико-математических наук  |f 1982-  |g Роман Анатольевич  |3 (RuTPU)RU\TPU\pers\25831  |9 11704 
712 0 2 |a Национальный исследовательский Томский политехнический университет  |b Инженерная школа новых производственных технологий  |b Отделение материаловедения  |3 (RuTPU)RU\TPU\col\23508 
712 0 2 |a Национальный исследовательский Томский политехнический университет  |b Исследовательская школа химических и биомедицинских технологий  |b Научно-исследовательский центр "Физическое материаловедение и композитные материалы"  |3 (RuTPU)RU\TPU\col\24957 
801 2 |a RU  |b 63413507  |c 20201127  |g RCR 
850 |a 63413507 
856 4 |u http://earchive.tpu.ru/handle/11683/63852 
942 |c BK